000 00477nam a2200157 a 4500
001 000032602
005 20200930065729.0
008 090902s19-- dr ac 000 0 spa d
040 _aDO-SdBNP
_bspa
_cBNPHU
082 _axxxx
_bI61
245 1 0 _aINTEC :
_bprograma de grado.
260 _aSanto Domingo :
_bInstituto Tecnológico de Santo Domingo (INTEC),
_c[198?].
300 _a27 p. :
_bil., retr. ;
_c22 cm.
500 _aIncluye notas al pie de las páginas
049 _aBNPD
999 _c32093
_d32093